[Event "XVI MIEDZYNARODOWY FESTIWAL SZACHOWY PERLA BALTYKU - TURNIEJ KOLOWY Z NORMA IM"]
[Site "LAZY"]
[Date "1899-12-30"]
[Round "6.1"]
[White "Sernecki, Franciszek"]
[Black "Chyzy, Jakub"]
[Result "1-0"]
[WhiteTitle "FM"]
[BlackTitle "FM"]
[WhiteElo "2243"]
[BlackElo "2276"]

1. d4 Nf6 2. c4 d6 3. Nc3 Nbd7 4. e4 e5 5. Nf3 g6 6. Be2 Bg7 7. O-O O-O 8. Be3
c6 9. d5 c5 10. Ne1 Ne8 11. g4 f5 12. gxf5 gxf5 13. exf5 Nb6 14. Kh1 Bxf5 15.
Rg1 Kh8 16. Ng2 e4 17. Qd2 Qe7 18. Rae1 Nd7 19. Bg5 Qf7 20. Nh4 Ne5 21. Qe3 Ng6
22. Bh5 Bd4 23. Qe2 e3 24. f3 Ng7 25. Bxg6 Bxg6 26. Nxg6+ hxg6 27. Bxe3 Nf5 28.
Bf2 Be5 29. Ne4 Qh7 30. Rg2 Bf4 31. Ng5 Bxg5 32. Rxg5 Rf6 33. b4 cxb4 34. Qb2
Raf8 35. Rxf5 gxf5 36. Bd4 Qh4 37. Re6 Kg7 38. Qg2+ Kh6 39. Bxf6 Rxf6 40. Re8
Rf7 41. Re6+ Rf6 42. Re8 Rf7 43. Qg8 Qf2 44. Re6+ Kh5 45. Qg6+ Kh4 46. Qh6# 1-0

[Event "XVI MIEDZYNARODOWY FESTIWAL SZACHOWY PERLA BALTYKU - TURNIEJ KOLOWY Z NORMA IM"]
[Site "LAZY"]
[Date "1899-12-30"]
[Round "6.2"]
[White "Kopylov, Daniel"]
[Black "Ochedzan, Tymon"]
[Result "1-0"]
[WhiteTitle "m"]
[BlackTitle "CM"]
[WhiteElo "2348"]
[BlackElo "2157"]

1. c4 e5 2. g3 Nf6 3. Bg2 d5 4. cxd5 Nxd5 5. Nc3 Nb6 6. Nf3 Nc6 7. O-O Be7 8. a3
a5 9. d3 O-O 10. Be3 Ra6 11. Rc1 Re8 12. Ne4 Nd5 13. Bc5 Bxc5 14. Nxc5 Rb6 15.
Nd2 Nd4 16. e3 Ne6 17. Nce4 f5 18. Nc5 Nf6 19. Nxe6 Bxe6 20. Qc2 Re7 21. Nc4 Rb5
22. Rfd1 Rd7 23. Bf1 Rc5 24. b4 axb4 25. axb4 Rc6 26. Qb1 Bxc4 27. dxc4 Ne4 28.
Rxd7 Qxd7 29. Bg2 Qd2 30. Bxe4 fxe4 31. Rd1 Qe2 32. Rd8+ Kf7 33. Qxe4 Qe1+ 34.
Kg2 Rf6 35. Qd5+ Kg6 36. Qd2 Qxd2 37. Rxd2 Rc6 38. c5 b6 39. Rd5 Kf6 40. Kf3 bxc5
41. Rxc5 Rb6 42. b5 Kf5 43. g4+ Kf6 44. h4 h5 45. g5+ Kf5 46. Rxc7 e4+ 47. Kg3
Rxb5 48. Rxg7 Rb1 49. Rf7+ Ke6 50. Rf6+ Ke5 51. Kg2 Ra1 52. Rh6 Kf5 53. Rxh5 Kg4
54. Rh6 1-0

[Event "XVI MIEDZYNARODOWY FESTIWAL SZACHOWY PERLA BALTYKU - TURNIEJ KOLOWY Z NORMA IM"]
[Site "LAZY"]
[Date "1899-12-30"]
[Round "6.3"]
[White "Plichta, Kamil"]
[Black "Kopylov, Michael"]
[Result "1-0"]
[WhiteTitle "FM"]
[BlackTitle "IM"]
[WhiteElo "2361"]
[BlackElo "2407"]

1. d4 Nf6 2. Bg5 Ne4 3. h4 c5 4. d5 Qb6 5. Nd2 Nxg5 6. hxg5 Qxb2 7. g6 Qf6 8. gxf7+
Qxf7 9. e4 g6 10. Ngf3 Bg7 11. Rb1 O-O 12. Bd3 d6 13. Rxh7 Nd7 14. Qe2 Nb6 15.
c4 Na4 16. Rb3 a6 17. e5 b5 18. e6 Qf6 19. Ne4 Qf4 20. Rh4 Qc1+ 21. Qd1 Qxd1+
22. Kxd1 bxc4 23. Bxc4 Bxe6 24. dxe6 d5 25. Bxd5 Rad8 26. Nfd2 Rxd5 27. Rg3 g5
28. Nxg5 Rxf2 29. Ngf3 Nc3+ 30. Ke1 Re2+ 31. Kf1 Rf5 32. Rhg4 Rxd2 33. Rxg7+ Kh8
34. R7g4 Rd1+ 35. Kf2 Rh1 36. Rg8+ Kh7 37. R3g7+ Kh6 38. Rxe7 Ra1 39. Rf7 Rxa2+
40. Ke3 Nd5+ 41. Ke4 Nf6+ 42. Kxf5 Nxg8 43. g4 1-0

[Event "XVI MIEDZYNARODOWY FESTIWAL SZACHOWY PERLA BALTYKU - TURNIEJ KOLOWY Z NORMA IM"]
[Site "LAZY"]
[Date "1899-12-30"]
[Round "6.4"]
[White "Gazik, Viktor"]
[Black "Luczak, Filip"]
[Result "1-0"]
[WhiteTitle "IM"]
[BlackTitle "CM"]
[WhiteElo "2502"]
[BlackElo "2240"]

1. d4 Nf6 2. c4 c5 3. d5 b5 4. cxb5 a6 5. b6 d6 6. Nc3 g6 7. Nf3 Nbd7 8. Nd2 Bg7
9. e4 O-O 10. Be2 Nxb6 11. a4 Rb8 12. O-O Qc7 13. Qc2 Qb7 14. Rd1 Bg4 15. f3 Bd7
16. Kh1 Rfd8 17. Bf1 e6 18. a5 Nc8 19. Nc4 exd5 20. exd5 Bf5 21. Qf2 Ne7 22. Bg5
Nexd5 23. Nxd5 Nxd5 24. Bxd8 Rxd8 25. Rd2 Bd4 26. Qh4 Rd7 27. Re1 Be6 28. Qe4
Qb4 29. Rdd1 Kg7 30. Qc2 Bf5 31. Qd2 Qb3 32. Ra1 Nb4 33. Ne3 Be6 34. Re2 Nc6 35.
f4 Qb4 36. Qd3 c4 37. Qc2 Qc5 38. f5 gxf5 39. Nd1 Ne5 40. Ra3 Ng6 41. Re1 f4 42.
Ra4 d5 43. b3 Rc7 44. bxc4 dxc4 45. Rxe6 f3 46. Rxc4 fxg2+ 47. Qxg2 1-0

[Event "XVI MIEDZYNARODOWY FESTIWAL SZACHOWY PERLA BALTYKU - TURNIEJ KOLOWY Z NORMA IM"]
[Site "LAZY"]
[Date "1899-12-30"]
[Round "6.5"]
[White "Gazik, Igor"]
[Black "Malicka, Maria"]
[Result "1/2-1/2"]
[WhiteTitle "IM"]
[BlackTitle "WCM"]
[WhiteElo "2232"]
[BlackElo "2235"]

1. Nf3 Nf6 2. b3 d5 3. Bb2 e6 4. e3 c5 5. c4 Nc6 6. cxd5 exd5 7. Bb5 Be7 8. Ne5
Qc7 9. O-O O-O 10. d4 Bd6 11. Bxc6 bxc6 12. Nd2 Nd7 13. Ndf3 cxd4 14. exd4 f6
15. Nd3 a5 16. a4 Re8 17. Re1 Rxe1+ 18. Qxe1 Nf8 19. Ba3 Bxa3 20. Rxa3 Bg4 21.
Ra2 Bxf3 22. gxf3 Qf7 23. Nf4 Rb8 24. Qc3 Ne6 25. Nxe6 Qg6+ 26. Kf1 Qb1+ 27. Kg2
Qxa2 28. Qxc6 Qxb3 29. Nc5 Qc4 30. Qd6 Re8 31. Qd7 Qe2 32. Ne4 Rxe4 33. fxe4 Qxe4+
34. f3 Qe2+ 35. Kg3 Qe1+ 36. Kg2 Qd2+ 37. Kg3 Qg5+ 38. Kf2 h5 39. Qd8+ Kh7 40.
Qxa5 Qh4+ 41. Ke3 Qxh2 42. Qxd5 Qg1+ 43. Ke2 Qg2+ 44. Ke3 Qg1+ 45. Ke2 Qg2+ 1/2-1/2

[Event "XVI MIEDZYNARODOWY FESTIWAL SZACHOWY PERLA BALTYKU - TURNIEJ KOLOWY Z NORMA IM"]
[Site "LAZY"]
[Date "1899-12-30"]
[Round "7.1"]
[White "Malicka, Maria"]
[Black "Sernecki, Franciszek"]
[Result "1/2-1/2"]
[WhiteTitle "WCM"]
[BlackTitle "FM"]
[WhiteElo "2235"]
[BlackElo "2243"]

1. e4 c6 2. d4 d5 3. Nc3 dxe4 4. Nxe4 Nd7 5. Ng5 Ngf6 6. Bd3 e6 7. N1f3 Bd6 8.
Qe2 h6 9. Ne4 Nxe4 10. Qxe4 Nf6 11. Qe2 b6 12. Bd2 Bb7 13. O-O-O Qc7 14. c4 O-O
15. g4 c5 16. Rhg1 cxd4 17. g5 hxg5 18. Nxg5 Bf4 19. Nh7 Nxh7 20. Bxh7+ Kxh7 21.
Qh5+ Kg8 22. Rxg7+ Kxg7 23. Rg1+ Kf6 24. Qh4+ Kf5 25. Qg4+ Kf6 26. Qh4+ Kf5 27.
Qg4+ Kf6 28. Qh4+ Kf5 29. Qg4+ Kf6 30. Qh4+ Kf5 31. Qg4+ Kf6 1/2-1/2

[Event "XVI MIEDZYNARODOWY FESTIWAL SZACHOWY PERLA BALTYKU - TURNIEJ KOLOWY Z NORMA IM"]
[Site "LAZY"]
[Date "1899-12-30"]
[Round "7.2"]
[White "Luczak, Filip"]
[Black "Gazik, Igor"]
[Result "1/2-1/2"]
[WhiteTitle "CM"]
[BlackTitle "IM"]
[WhiteElo "2240"]
[BlackElo "2232"]

1. Nf3 g6 2. g3 Bg7 3. d4 f5 4. Bg2 Nf6 5. c4 O-O 6. O-O d6 7. Nc3 Qe8 8. Nd5 Na6
9. Nxf6+ Rxf6 10. Bg5 Rf7 11. Qc1 e5 12. dxe5 dxe5 13. Rd1 Bd7 14. Bh6 e4 15.
Bxg7 Rxg7 16. Nd4 c6 17. Qe3 Qe5 18. f4 Qc5 19. Rac1 Be8 20. a3 Rd7 21. b4 Qe7
22. Nb3 b6 23. c5 b5 24. Rxd7 Qxd7 25. Qd4 Rd8 26. Rd1 Nc7 27. Qxd7 Rxd7 28. Rxd7
Bxd7 29. Kf2 Nd5 30. Nd4 Nc3 31. Ke1 Kf7 32. e3 Nd5 33. Kd2 Nc7 34. Bf1 Ne6 35.
Nb3 Nd8 36. Nd4 Ne6 37. Kc3 Nxd4 38. Kxd4 Kf6 39. g4 Be6 40. gxf5 gxf5 41. Be2
Bf7 42. Bd1 h6 43. a4 a6 44. axb5 axb5 45. Kc3 Be8 46. Kd4 Bf7 47. Be2 Be8 48.
Bd1 Bf7 49. h3 Bg6 50. Bb3 Bh5 51. Bg8 Bg6 52. Ba2 Bh5 53. Bb3 Bg6 54. Kc3 Bh5
55. Kd2 Bf7 56. Bd1 Bg6 57. Ke1 Be8 58. Kf2 Bf7 59. Kg3 Be8 60. Kh4 Bf7 61. Bh5
1/2-1/2

[Event "XVI MIEDZYNARODOWY FESTIWAL SZACHOWY PERLA BALTYKU - TURNIEJ KOLOWY Z NORMA IM"]
[Site "LAZY"]
[Date "1899-12-30"]
[Round "7.3"]
[White "Kopylov, Michael"]
[Black "Gazik, Viktor"]
[Result "1/2-1/2"]
[WhiteTitle "IM"]
[BlackTitle "IM"]
[WhiteElo "2407"]
[BlackElo "2502"]

1. d4 Nf6 2. c4 c5 3. d5 e6 4. Nc3 exd5 5. cxd5 d6 6. Nf3 g6 7. h3 Bg7 8. e4 O-O
9. Bd3 b5 10. Bxb5 Nxe4 11. Nxe4 Qa5+ 12. Nfd2 Qxb5 13. Nxd6 Qa6 14. N2c4 Nd7
15. O-O Ne5 16. Nxe5 Qxd6 17. Nc6 Bb7 18. Be3 Bxc6 19. dxc6 Qxc6 20. Rc1 c4 21.
Qc2 Rfc8 22. Rfd1 Rc7 23. Bd4 Rac8 24. Bxg7 Kxg7 25. Qc3+ Qf6 26. Rd6 Qxc3 27.
Rxc3 Rb7 28. Rd2 Rb4 29. Kf1 Rcb8 30. a3 Rxb2 1/2-1/2

[Event "XVI MIEDZYNARODOWY FESTIWAL SZACHOWY PERLA BALTYKU - TURNIEJ KOLOWY Z NORMA IM"]
[Site "LAZY"]
[Date "1899-12-30"]
[Round "7.4"]
[White "Ochedzan, Tymon"]
[Black "Plichta, Kamil"]
[Result "1/2-1/2"]
[WhiteTitle "CM"]
[BlackTitle "FM"]
[WhiteElo "2157"]
[BlackElo "2361"]

1. e4 c6 2. d4 d5 3. Nc3 dxe4 4. Nxe4 Nf6 5. Nxf6+ exf6 6. c3 Bd6 7. Bd3 O-O 8.
Qc2 Re8+ 9. Ne2 h5 10. Be3 Nd7 11. O-O-O Nf8 12. c4 Be6 13. Nc3 Rc8 14. Kb1 Ng6
15. g3 Ne7 16. Rhe1 b5 17. cxb5 cxb5 18. Bxb5 Bb4 19. Bd2 Rf8 20. Qa4 Bxc3 21.
Bxc3 Nd5 22. Ba5 Nb6 23. Qa3 Qd5 24. Bd3 Nc4 25. Bxc4 Rxc4 26. Rc1 Rxd4 27. b3
Qf5+ 28. Ka1 Rd3 29. Re2 Rb8 30. Bc3 Rb7 31. h4 Rbd7 32. Qb2 Qf3 33. Rec2 Bf5
34. Be1 Qh1 35. Bd2 Qg2 36. Be1 Qf1 37. Rc5 Rd1 38. Bd2 Rxc1+ 39. Bxc1 Rd1 40.
a4 Be6 41. Ka2 a6 42. Be3 Bxb3+ 43. Kxb3 Rb1 44. Ka2 Rxb2+ 45. Kxb2 Qd3 46. Ka2
f5 47. Kb2 Kh7 48. Rc2 Qd1 49. Rc4 f6 50. Kc3 Qd6 51. Kb3 Qe7 52. Bf4 Kg6 53.
Be3 Qb7+ 54. Kc3 Kf7 55. Rb4 Qc6+ 56. Rc4 Qd6 57. Rb4 a5 58. Rc4 Qa3+ 59. Kc2
Ke6 60. Rd4 Qa2+ 61. Kc3 Qa1+ 62. Kd3 Qa3+ 63. Kc2 Qe7 64. Rc4 Kd5 65. Rd4+ Ke5
66. f4+ Ke6 67. Kd2 Qb7 68. Ke2 Qg2+ 69. Bf2 Kf7 70. Rd7+ Kg8 71. Rd8+ Kh7 72.
Rd4 g5 73. Ke1 Qf3 74. Kf1 Kg6 75. Ke1 Kf7 76. Kf1 Ke6 77. Kg1 gxh4 78. gxh4 Qh3
79. Be1 Qg4+ 80. Kf1 Qf3+ 81. Bf2 Qh1+ 82. Ke2 Qa1 83. Kf3 Qf1 84. Ke3 Qh3+ 1/2-1/2

[Event "XVI MIEDZYNARODOWY FESTIWAL SZACHOWY PERLA BALTYKU - TURNIEJ KOLOWY Z NORMA IM"]
[Site "LAZY"]
[Date "1899-12-30"]
[Round "7.5"]
[White "Chyzy, Jakub"]
[Black "Kopylov, Daniel"]
[Result "0-1"]
[WhiteTitle "FM"]
[BlackTitle "m"]
[WhiteElo "2276"]
[BlackElo "2348"]

1. e4 e6 2. d4 d5 3. e5 c5 4. c3 Qb6 5. Nf3 Nc6 6. Bd3 cxd4 7. cxd4 Bd7 8. Nbd2
Nxd4 9. O-O Nxf3+ 10. Nxf3 Ne7 11. Be3 Qd8 12. Bc5 Nc6 13. Bxf8 Rxf8 14. Qd2 h6
15. h4 Qb6 16. Qf4 O-O-O 17. Rab1 Kb8 18. b4 Ka8 19. Qg4 f6 20. Qxg7 Nd4 21. Nd2
Bb5 22. Bxb5 Qxb5 23. exf6 Qe2 24. Qxh6 Rh8 25. Qe3 Rxh4 26. g3 Qg4 27. Qxd4 Qxd4
28. Nf3 Qxf6 29. Nxh4 Rg8 30. Ng2 a6 31. b5 axb5 32. Rxb5 Qd4 33. Rfb1 Rg7 34.
R5b4 Qc5 35. Rb5 Qc4 36. R5b4 Qxa2 37. Nf4 e5 38. Ne6 Rf7 39. R4b2 Qa5 40. Rb5
Qd2 41. R5b2 Qh6 42. Rb6 Qh5 43. Nc5 Rh7 44. Kf1 Qf3 45. Ke1 Rh1+ 46. Kd2 Qxf2+
47. Kd3 Qd4+ 0-1

[Event "XVI MIEDZYNARODOWY FESTIWAL SZACHOWY PERLA BALTYKU - TURNIEJ KOLOWY Z NORMA IM"]
[Site "LAZY"]
[Date "1899-12-30"]
[Round "8.1"]
[White "Sernecki, Franciszek"]
[Black "Kopylov, Daniel"]
[Result "1/2-1/2"]
[WhiteTitle "FM"]
[BlackTitle "m"]
[WhiteElo "2243"]
[BlackElo "2348"]

1. d4 Nf6 2. c4 g6 3. Nc3 d5 4. Nf3 Bg7 5. Bf4 O-O 6. Rc1 dxc4 7. e3 c5 8. Bxc4
cxd4 9. Nxd4 a6 10. O-O Bd7 11. Be2 Nc6 12. Nb3 Qb6 13. Na4 Qa7 14. Nbc5 Bf5 15.
Bf3 e5 16. Bxc6 exf4 17. Bxb7 Rad8 18. Qe2 fxe3 19. fxe3 Ng4 20. Kh1 Bh6 21. Rc3
Rfe8 22. e4 Rd2 23. Qe1 Qb8 24. Rh3 Bf4 25. Rhf3 Be3 26. Qg3 Qxg3 27. Rxg3 Nf2+
28. Kg1 Nh3+ 29. Kh1 Nf2+ 30. Kg1 Nh3+ 31. Kh1 Nf2+ 32. Kg1 1/2-1/2

[Event "XVI MIEDZYNARODOWY FESTIWAL SZACHOWY PERLA BALTYKU - TURNIEJ KOLOWY Z NORMA IM"]
[Site "LAZY"]
[Date "1899-12-30"]
[Round "8.2"]
[White "Plichta, Kamil"]
[Black "Chyzy, Jakub"]
[Result "1-0"]
[WhiteTitle "FM"]
[BlackTitle "FM"]
[WhiteElo "2361"]
[BlackElo "2276"]

1. Nf3 Nf6 2. g3 d5 3. Bg2 Bf5 4. O-O e6 5. d3 h6 6. c4 Be7 7. cxd5 exd5 8. Qb3
b6 9. Nc3 c6 10. Rd1 Bh7 11. e4 O-O 12. exd5 Nxd5 13. Ne5 Nxc3 14. bxc3 Bf6 15.
d4 Bxe5 16. dxe5 Qc8 17. Rd6 Nd7 18. Rxc6 Qa6 19. Ba3 Nxe5 20. Bxf8 Nxc6 21. Bxg7
Kxg7 22. Bxc6 Rc8 23. Bd5 Qd3 24. c4 Qxb3 25. axb3 a5 26. Re1 Kf8 27. Re3 Bc2
28. Kf1 Re8 29. Rxe8+ Kxe8 30. Bc6+ Ke7 31. Ba4 Kd6 32. Ke2 Bf5 33. Kd2 Kc5 34.
Kc3 Bg4 35. Be8 f6 36. Bg6 Bf3 37. Be8 Bg4 38. h4 h5 39. Bg6 b5 40. cxb5 Kxb5
41. Be4 Bd1 42. Bg6 Bf3 43. Bf7 Kc5 44. Bc4 Bg4 45. Ba6 Bf3 46. Bf1 Bg4 47. Bg2
Bd1 48. Be4 Be2 49. Kd2 Bb5 50. Bg6 Kb4 51. Bxh5 Kxb3 52. Bf7+ Kb2 53. h5 Bd7
54. h6 Bf5 55. g4 Bh7 56. f4 a4 57. f5 Ka3 58. Be8 Kb3 59. Bg6 a3 60. Bxh7 a2
61. Bg8+ 1-0

[Event "XVI MIEDZYNARODOWY FESTIWAL SZACHOWY PERLA BALTYKU - TURNIEJ KOLOWY Z NORMA IM"]
[Site "LAZY"]
[Date "1899-12-30"]
[Round "8.3"]
[White "Gazik, Viktor"]
[Black "Ochedzan, Tymon"]
[Result "1-0"]
[WhiteTitle "IM"]
[BlackTitle "CM"]
[WhiteElo "2502"]
[BlackElo "2157"]

1. c4 e5 2. Nc3 Nf6 3. e3 d5 4. cxd5 Nxd5 5. Nf3 Nxc3 6. bxc3 Bd6 7. d4 e4 8. Nd2
Qe7 9. Be2 O-O 10. O-O Nd7 11. a4 f5 12. Ba3 Nf6 13. Qb3+ Kh8 14. a5 g5 15. c4
Be6 16. f4 exf3 17. Nxf3 Ne4 18. Bd3 b5 19. axb6 axb6 20. Bb2 Rxa1 21. Bxa1 Kg8
22. d5 Bd7 23. Qb2 Nf6 24. Ne5 Ba3 25. Qb1 Bc5 26. Nxd7 Bxe3+ 27. Kh1 Qxd7 28.
Bxf5 Qe7 29. Be6+ Kg7 30. Qf5 h6 31. g3 Bc5 32. h4 gxh4 33. gxh4 Be3 34. h5 Bg5
35. Qg6+ Kh8 36. Rxf6 Bxf6 37. Qxh6+ Qh7 38. Qxf8+ Qg8 39. Qh6+ Qh7 40. Bxf6#
1-0

[Event "XVI MIEDZYNARODOWY FESTIWAL SZACHOWY PERLA BALTYKU - TURNIEJ KOLOWY Z NORMA IM"]
[Site "LAZY"]
[Date "1899-12-30"]
[Round "8.4"]
[White "Gazik, Igor"]
[Black "Kopylov, Michael"]
[Result "1-0"]
[WhiteTitle "IM"]
[BlackTitle "IM"]
[WhiteElo "2232"]
[BlackElo "2407"]

1. d4 Nf6 2. Nf3 c5 3. e3 g6 4. Be2 Bg7 5. O-O O-O 6. c3 d5 7. Ne5 Qc7 8. Nd2 Nc6
9. Nxc6 bxc6 10. b3 Nd7 11. Ba3 Re8 12. Rc1 a5 13. dxc5 Ba6 14. e4 Qa7 15. Bxa6
Qxa6 16. Qf3 Ne5 17. Qe3 a4 18. b4 Nc4 19. Nxc4 Qxc4 20. exd5 Qxa2 21. c4 cxd5
22. cxd5 Qxd5 23. Rfd1 Qc6 24. Qd3 Rab8 25. Qd5 Qa6 26. c6 e6 27. Qc4 Qxc4 28.
Rxc4 Bf8 29. c7 Rbc8 30. g3 h5 31. Rd7 Re7 32. Rxe7 Bxe7 33. b5 1-0

[Event "XVI MIEDZYNARODOWY FESTIWAL SZACHOWY PERLA BALTYKU - TURNIEJ KOLOWY Z NORMA IM"]
[Site "LAZY"]
[Date "1899-12-30"]
[Round "8.5"]
[White "Malicka, Maria"]
[Black "Luczak, Filip"]
[Result "0-1"]
[WhiteTitle "WCM"]
[BlackTitle "CM"]
[WhiteElo "2235"]
[BlackElo "2240"]

1. e4 c5 2. Nf3 d6 3. d4 cxd4 4. Nxd4 Nf6 5. Nc3 a6 6. Bg5 Nbd7 7. Qe2 h6 8. Bh4
g6 9. f4 e5 10. fxe5 dxe5 11. O-O-O Be7 12. Nb3 Qc7 13. Qf3 g5 14. Bg3 Nb6 15.
Be2 Be6 16. Nd4 Rc8 17. Rhf1 Nbd7 18. Nf5 Bxf5 19. Qxf5 Bb4 20. Rd3 O-O 21. h4
Bxc3 22. Rxc3 Qa5 23. Bc4 Rxc4 24. Rxc4 Qxa2 25. hxg5 Qxc4 26. gxf6 Qe6 27. Qf3
Kh7 28. Bh4 Rg8 29. g3 Rg6 30. Kb1 Nc5 31. Qe3 Qc4 32. Rd1 Nxe4 33. Re1 Rg4 34.
Rh1 Qd4 35. Qa3 Nd2+ 36. Ka1 Qa4 37. Rd1 Rd4 38. Ka2 Qc4+ 39. Ka1 Qxc2 40. Rxd2
Rxd2 41. Qb4 Rd1+ 42. Ka2 Qb1+ 0-1

[Event "XVI MIEDZYNARODOWY FESTIWAL SZACHOWY PERLA BALTYKU - TURNIEJ KOLOWY Z NORMA IM"]
[Site "LAZY"]
[Date "1899-12-30"]
[Round "9.1"]
[White "Luczak, Filip"]
[Black "Sernecki, Franciszek"]
[Result "1-0"]
[WhiteTitle "CM"]
[BlackTitle "FM"]
[WhiteElo "2240"]
[BlackElo "2243"]

1. Nf3 Nf6 2. g3 d5 3. Bg2 e6 4. O-O c5 5. d4 Nc6 6. c4 dxc4 7. Ne5 Bd7 8. Na3
cxd4 9. Naxc4 Bc5 10. Qb3 O-O 11. Qxb7 Nxe5 12. Nxe5 Rb8 13. Qf3 Nd5 14. Bh6 gxh6
15. Qg4+ Kh8 16. Bxd5 Be8 17. Bb3 Qg5 18. Qe4 f5 19. Qd3 f4 20. Nf3 Qg6 21. Rac1
Bb6 22. Kg2 Qxd3 23. exd3 Bh5 24. Ne5 Be2 25. Nd7 fxg3 26. hxg3 Rf5 27. Rh1 Bf3+
28. Kg1 Bxh1 29. Bxe6 Rh5 30. Nxb8 Bb7 31. Nc6 Kg7 32. Bg4 Rg5 33. Bf3 h5 34.
Kg2 h4 35. Nxd4 Bxd4 36. Rc7+ Kf6 37. Rxb7 hxg3 38. fxg3 Rc5 39. Rxh7 Rc2+ 40.
Kh3 Rxb2 41. Rh6+ Kg5 42. Rh5+ Kf6 43. Bd5 Kg6 44. Kg4 Be3 45. Re5 Rb4+ 46. Bc4
Bf2 47. Re2 Bg1 48. Re6+ Kg7 49. Kg5 Rb7 50. g4 Bc5 51. Rc6 Be3+ 52. Kf5 Bd4 53.
g5 Re7 54. Be6 Rb7 55. Rd6 Bc5 56. Rd5 Be7 57. d4 Rb1 58. Rd7 Rf1+ 59. Ke4 Kf8
60. g6 Rg1 61. Rxa7 Rxg6 62. Ra8+ Kg7 63. Rg8+ Kf6 64. Rxg6+ Kxg6 65. a4 Bb4 66.
Kd5 Kf6 67. Bh3 Ke7 68. Kc6 Kd8 69. d5 Bd2 70. d6 Bc3 71. d7 Bd2 72. Bf1 Bc3 73.
Ba6 Bd2 74. Bc8 Bc3 75. Kb5 Kc7 76. a5 Bd4 77. a6 Bf2 78. Kc4 Bb6 79. Kd5 Kb8
80. Kd6 Bd8 81. Ke6 Bg5 82. Kf7 Bh4 83. Ke8 Kc7 84. a7 1-0

[Event "XVI MIEDZYNARODOWY FESTIWAL SZACHOWY PERLA BALTYKU - TURNIEJ KOLOWY Z NORMA IM"]
[Site "LAZY"]
[Date "1899-12-30"]
[Round "9.2"]
[White "Kopylov, Michael"]
[Black "Malicka, Maria"]
[Result "1-0"]
[WhiteTitle "IM"]
[BlackTitle "WCM"]
[WhiteElo "2407"]
[BlackElo "2235"]

1. d4 Nf6 2. c4 c5 3. d5 b5 4. cxb5 a6 5. bxa6 g6 6. Nc3 Bg7 7. Nf3 O-O 8. g3 d6
9. Bg2 Nxa6 10. O-O Bf5 11. Ne1 Qc8 12. Nc2 Bh3 13. e4 Bxg2 14. Kxg2 Nc7 15. Ne3
Qa6 16. Qc2 Rfb8 17. Bd2 e6 18. Rad1 exd5 19. exd5 Qb7 20. Bc1 Ne6 21. Qd3 Nd4
22. Kg1 Qd7 23. Nc4 Qh3 24. f3 Nf5 25. Ne2 Ne7 26. Bf4 Nexd5 27. Bxd6 Rc8 28.
Be5 Rxa2 29. g4 Qh6 30. Nc3 Nxc3 31. Qxc3 Ne8 32. Rfe1 Ra6 33. Rd7 Re6 34. Bxg7
Nxg7 35. Nd6 Rf8 36. Ne4 Qf4 37. Kg2 h5 38. h3 h4 39. Red1 Rb6 40. R1d6 Rxd6 41.
Rxd6 Rb8 42. Rd7 Ne6 43. Nf6+ Kf8 44. Nh5 Qh6 45. Qf6 Ng5 46. Rd8+ 1-0

[Event "XVI MIEDZYNARODOWY FESTIWAL SZACHOWY PERLA BALTYKU - TURNIEJ KOLOWY Z NORMA IM"]
[Site "LAZY"]
[Date "1899-12-30"]
[Round "9.3"]
[White "Ochedzan, Tymon"]
[Black "Gazik, Igor"]
[Result "1-0"]
[WhiteTitle "CM"]
[BlackTitle "IM"]
[WhiteElo "2157"]
[BlackElo "2232"]

1. e4 d6 2. d4 Nf6 3. Nc3 g6 4. Bg5 Bg7 5. Qd2 h6 6. Bf4 g5 7. Be3 Ng4 8. h4 Nxe3
9. Qxe3 g4 10. O-O-O c6 11. f4 h5 12. Bd3 Qb6 13. Nge2 e5 14. Bc4 Nd7 15. Kb1
exd4 16. Nxd4 Qc5 17. Bb3 Nb6 18. e5 d5 19. f5 Bh6 20. Qg3 Kf8 21. Nce2 Qe7 22.
Nf4 Bxf4 23. Qxf4 f6 24. Rhe1 Bd7 25. Ne6+ Kg8 26. Qd4 Rh6 27. Qf4 Rh7 28. exf6
Qxf6 29. Ng5 Rg7 30. Re5 Rf8 31. Ne4 Qxh4 32. f6 Rg6 33. g3 Rfxf6 34. Nxf6+ Qxf6
35. Qxf6 Rxf6 36. Rxh5 Kg7 37. Rhh1 Rf3 38. Rhg1 Bf5 39. Kc1 Kf6 40. c3 Ke5 41.
Rde1+ Be4 42. Bd1 Rf2 43. Re2 Rf7 44. b3 Nd7 45. Kd2 Nc5 46. Rge1 Kd6 47. Rh2
Bf3 48. Bc2 Ne4+ 49. Bxe4 Bxe4 50. Re3 b5 51. b4 a5 52. a3 a4 53. Rh6+ Kd7 54.
Ke1 Rf8 55. Rh4 Rg8 56. Kd2 Rg6 57. Re2 c5 58. Reh2 d4 59. Rh7+ Kc6 60. R7h6 dxc3+
61. Kxc3 cxb4+ 62. Kxb4 Rxh6 63. Rxh6+ Kd5 64. Kxb5 Bc2 65. Rf6 Bd1 66. Rf4 Ke6
67. Rxa4 Bxa4+ 68. Kxa4 Kd5 69. Kb5 Ke4 70. a4 1-0

[Event "XVI MIEDZYNARODOWY FESTIWAL SZACHOWY PERLA BALTYKU - TURNIEJ KOLOWY Z NORMA IM"]
[Site "LAZY"]
[Date "1899-12-30"]
[Round "9.4"]
[White "Chyzy, Jakub"]
[Black "Gazik, Viktor"]
[Result "1-0"]
[WhiteTitle "FM"]
[BlackTitle "IM"]
[WhiteElo "2276"]
[BlackElo "2502"]

1. e4 c5 2. Nc3 d6 3. d4 cxd4 4. Qxd4 Nc6 5. Bb5 Bd7 6. Bxc6 bxc6 7. Nf3 e5 8.
Qd3 Be7 9. O-O Nf6 10. Bg5 Be6 11. Rad1 Qa5 12. Bxf6 gxf6 13. Nh4 Rd8 14. Kh1
Rg8 15. f4 Rg4 16. Nf5 exf4 17. Ne2 Qc5 18. Nxf4 Kd7 19. e5 Qxe5 20. Nxe6 fxe6
21. Nxe7 Rh4 22. g3 Rh6 23. Rfe1 Qc5 24. b4 Qf2 25. Qxd6+ Ke8 26. Qxd8+ Kf7 27.
Qg8+ 1-0

[Event "XVI MIEDZYNARODOWY FESTIWAL SZACHOWY PERLA BALTYKU - TURNIEJ KOLOWY Z NORMA IM"]
[Site "LAZY"]
[Date "1899-12-30"]
[Round "9.5"]
[White "Kopylov, Daniel"]
[Black "Plichta, Kamil"]
[Result "0-1"]
[WhiteTitle "m"]
[BlackTitle "FM"]
[WhiteElo "2348"]
[BlackElo "2361"]

1. d4 Nf6 2. c4 e5 3. dxe5 Ng4 4. Nf3 Bc5 5. e3 Nc6 6. Nc3 O-O 7. Be2 Re8 8. O-O
Ncxe5 9. Nxe5 Nxe5 10. b3 a5 11. Bb2 Ra6 12. Ne4 Bf8 13. Qd5 Rae6 14. f4 c6 15.
Qd4 Nxc4 16. Ng5 Nxb2 17. Nxe6 Rxe6 18. Bg4 Rg6 19. Bf5 Rf6 20. Bc2 Ba3 21. Kh1
Rd6 22. Qe4 Rh6 23. Rae1 d5 24. Qe5 f6 25. Qb8 Bd6 26. Qa8 Qf8 27. Rb1 Ba3 28.
Qxa5 f5 29. Rf3 Re6 30. Qc3 Qf6 31. Qa5 Bf8 32. h3 g6 33. Kh2 Re8 34. Qd2 Bg7
35. Rg1 Be6 36. g4 fxg4 37. hxg4 g5 38. Kg3 d4 39. fxg5 Qe5+ 40. Kh3 Qxg5 41.
Bxh7+ Kxh7 42. Qxb2 Qh6+ 43. Kg3 Be5+ 0-1